<?xml version="1.0" encoding="UTF-8"?>
<record
    xmlns:xsi="http://www.w3.org/2001/XMLSchema-instance"
    xsi:schemaLocation="http://www.loc.gov/MARC21/slim http://www.loc.gov/standards/marcxml/schema/MARC21slim.xsd"
    xmlns="http://www.loc.gov/MARC21/slim">

  <leader>00873nam a22001457a 4500</leader>
  <controlfield tag="008">111220t        xxu||||| |||| 00| 0 eng d</controlfield>
  <datafield tag="050" ind1=" " ind2=" ">
    <subfield code="a">HC244.H45</subfield>
  </datafield>
  <datafield tag="100" ind1=" " ind2=" ">
    <subfield code="a">Henderson, Carter</subfield>
  </datafield>
  <datafield tag="245" ind1=" " ind2=" ">
    <subfield code="a">Free enterprise moves east: doing business from Prague to Vladivostok /</subfield>
    <subfield code="c">Carter Henderson</subfield>
  </datafield>
  <datafield tag="300" ind1=" " ind2=" ">
    <subfield code="a">x,288 p.</subfield>
    <subfield code="c">23cm.</subfield>
  </datafield>
  <datafield tag="500" ind1=" " ind2=" ">
    <subfield code="a">Includes index.</subfield>
  </datafield>
  <datafield tag="505" ind1=" " ind2=" ">
    <subfield code="a">Contents: The Triumph of capitalism -- Capitalism returns to the former Soviet empire -- The Czech economy springs back to life -- Slovakia learns the price of independence -- Prosperity comes to Poland -- The Richest country in eastern Europe -- Ennui Haunts Romania, Albania, and Bulgaria -- The Blossoming of free enterprise in Russia -- Russia struggles toward solvency -- Turmoil in the ''near abroad'' -- The Future begins to crystallize.</subfield>
  </datafield>
  <datafield tag="650" ind1=" " ind2=" ">
    <subfield code="a">Europe, Eastern-Economic conditions.</subfield>
  </datafield>
  <datafield tag="942" ind1=" " ind2=" ">
    <subfield code="2">lcc</subfield>
    <subfield code="c">BK</subfield>
  </datafield>
  <datafield tag="999" ind1=" " ind2=" ">
    <subfield code="c">440</subfield>
    <subfield code="d">7940</subfield>
  </datafield>
  <datafield tag="952" ind1=" " ind2=" ">
    <subfield code="0">0</subfield>
    <subfield code="1">0</subfield>
    <subfield code="2">lcc</subfield>
    <subfield code="4">0</subfield>
    <subfield code="7">0</subfield>
    <subfield code="a">WIUC-1</subfield>
    <subfield code="b">WIUC-1</subfield>
    <subfield code="c">GEN</subfield>
    <subfield code="d">2011-12-20</subfield>
    <subfield code="l">0</subfield>
    <subfield code="o">HC244.H45</subfield>
    <subfield code="p">1131/11</subfield>
    <subfield code="r">2011-12-20 00:00:00</subfield>
    <subfield code="w">2011-12-20</subfield>
    <subfield code="y">BK</subfield>
  </datafield>
</record>
